| 000 | 00472nam a22001817a 4500 | ||
|---|---|---|---|
| 005 | 20260316152029.0 | ||
| 008 | 221217b |||||||| |||| 00| 0 eng d | ||
| 020 | _a978-81-8473 | ||
| 041 | _aeng | ||
| 082 | _a615.19 BEA-O | ||
| 100 | _aBEALE ,JOHN M , Jr AND BLOCK JHON H | ||
| 245 | _aORGANIC CHEMISTRY [VOL-2] | ||
| 250 | _a12th ed . | ||
| 260 |
_aHARYANA _bWOLTER'S KLUWER HEALTH |
||
| 300 | _a1010;P. | ||
| 650 |
_aPHARMACY _xB.PHARMACY |
||
| 942 | _cBK | ||
| 999 |
_c8079 _d8077 |
||